Music Quiz

Random Music or Classical Quiz

Classical music minus the letters of their composer Quiz Stats

 Plays Quiz not verified by Sporcle

Score 0/10 Timer 03:00
1 Play Today
Hint Piece of music % Correct
T h e / F_ u r / S e _ s_ _sThe Four Seasons
96.7%
_ _ m _ _ / a n d / J u l _ _ tRomeo and Juliet
92.7%
B o _ _ _ oBolero
80.5%
_ n i _ m _ / V _ _ i _ t i o n sEnigma Variations
79.7%
_ h e / _ _ _ e / _ f / _ p _ _ _ _The Rite of Spring
57.7%
_ _ e / P _ _ n e _ _The Planets
48.8%
_ _e b e _ _ _ _ u mLiebestraum
44.7%
_ _ _ i r / _ _ / _ _ n _Clair de Lune
43.1%
T _ _ / _ _ b r i _ _ _The Hebrides
42.3%
_ _ _ _ _ _ _ h i _ _ / S _ _ i _ gAppalachian Spring
40.7%

You're not logged in!

Compare scores with friends on all Sporcle quizzes.
OR
Log In

Sporcle TV

Today on Sporcle TV


Watch our educational content, quiz creation guides, and fun videos on Sporcle TV.

Show Comments

Extras

Top Quizzes Today


Score Distribution

Your Account Isn't Verified!

In order to create a playlist on Sporcle, you need to verify the email address you used during registration. Go to your Sporcle Settings to finish the process.

Report this User

Report this user for behavior that violates our Community Guidelines.

Details: